Responsabilidade civil das agências reguladoras / (Record no. 697)

MARC details
000 -LÍDER
Campo Fixo de Controle 00892nam a2200265 a 4500
001 - NÚMERO DE CONTROLE
Campo de Controle 697
003 - IDENTIFICAÇÃO DO NÚMERO DE CONTROLE
Campo de Controle BR-CuiBMT
005 - DATA E HORA DA ÚLTIMA ATUALIZAÇÃO
Campo de Controle 20231129144959.0
008 - DADOS FIXOS
Dados Fixos 230929s2005 rjb 000 0 por d
020 ## - INTERNATIONAL STANDARD BOOK NUMBER
Nº do ISBN 857387628X
040 ## - AGÊNCIA CATALOGADORA
Código da Agência Catalogadora BR-CuiBMT
Agência que transcreveu o registro BR-CuiBMT
080 ## - Nº DA CLASSIFICAÇÃO DECIMAL UNIVERSAL
Nº Class. CDU 35.078.2:347.51
Nº edição CDU 2007
090 ## - NÚMERO DE CHAMADA
Nº classificação 35.078.2:347.51
Cutter W699r
100 1# - ENTRADA PRINCIPAL -- AUTOR PESSOAL
Nome pessoal Willeman, Flávio de Araújo
245 10 - TÍTULO PRINCIPAL
Título principal Responsabilidade civil das agências reguladoras /
Indicação de responsabilidade Flávio de Araújo Willeman.
260 ## - PUBLICAÇÃO, DISTRIBUIÇÃO, ETC.
Local de publicação Rio de Janeiro :
Editora Lumen Juris,
Data 2005.
300 ## - DESCRIÇÃO FÍSICA
N. páginas ou volumes xxxv, 282 p. ;
Dimensões 21 cm
490 1# - INDICAÇÃO DE SÉRIE
Título da série Coleção direito regulatório
504 ## - NOTA DE BIBLIOGRAFIA, ETC.
Nota de bibliografia Inclui bibliografia.
650 ## - ASSUNTO TÓPICO
Cabeçalho tópico ou nome geográfico Agência reguladora
Subdivisão de forma Responsabilidade civil
Subdivisão geográfica Brasil
650 ## - ASSUNTO TÓPICO
Cabeçalho tópico ou nome geográfico Código civil
Subdivisão geográfica Brasil
650 ## - ASSUNTO TÓPICO
Cabeçalho tópico ou nome geográfico Pessoa jurídica de direito público
Subdivisão geral Responsabilidade civil
Subdivisão geográfica Brasil
830 #0 - ENTRADA SECUNDÁRIA DE SÉRIE -- TÍTULO UNIFORME
Título uniforme Coleção direito regulatório
942 ## - ELEMENTOS DE ENTRADA ADICIONAIS (KOHA)
Fonte de classificação ou esquema de arquivamento Classificação Decimal Universal
Tipo de item do Koha Livros
Holdings
Estado: removido Estado: perdido Fonte de classificação ou esquema de arquivamento Estado: danificado Indisponível para empréstimo Localização permanente Localização atual Data de aquisição Total Checkouts Número de Chamada completo Código de barras Date last seen Número do exemplar Preço efetivo a partir de Tipo de item (Koha)
    Classificação Decimal Universal     Biblioteca da Escola Superior de Contas do TCE/MT Biblioteca da Escola Superior de Contas do TCE/MT 10/12/2009   35.078.2:347.51 W699r BIBTCEMT23110546 13/11/2023 Ex. 1 13/11/2023 Livros

Powered by Koha